| 000 | 00527nam a2200205 i 4500 | ||
|---|---|---|---|
| 001 | 18006 | ||
| 003 | ES-MaACL | ||
| 005 | 20230906151734.0 | ||
| 007 | t| | ||
| 008 | 010807s2001 sp ||||0| spa j | ||
| 020 | _a84-204-4238-0 | ||
| 040 |
_aM-BN _bspa _cM-BN |
||
| 080 | _a821.134.2-31"19" | ||
| 100 | 1 |
_aLongares, Manuel. _973231 |
|
| 245 | 1 | 0 |
_aRomanticismo / _cManuel Longares. |
| 250 | _a3ยช ed. | ||
| 260 |
_aMadrid : _bAlfaguara, _c2001. |
||
| 300 |
_a492 p ; _c22 cm. |
||
| 852 |
_aES-MaACL _jL-24800 _bR.130113 |
||
| 999 |
_c18006 _d18006 |
||